000 00703nam a22002055i 4500
001 157459
003 ES-MaACL
005 20250724074834.0
008 040810s1853 fr a |||| | fre d
040 _aCAM
_bspa
_cCAM
100 1 _aLegendre, Adrien Marie.
_9128852
245 1 0 _aEléments de géométrie /
_cpar A.M. Legendre; avec additions et modifications par A. Blanchet.
250 _a3e éd.
260 _aParis :
_bLibrairie de Firmin Didot frères,
_c1853.
300 _aII, 284 p. :
_bil. ;
_c21 cm.
650 7 _aGeometría
_2embne
_913096
700 1 1 _aBlanchet, A.
_929152
852 _aES-MaACL
_jF-5552
_z-- Enc. cartón
_z-- Ex-libris de Antonio Gascon
999 _c157459
_d157459